| 000 | 00814cam a2200253 a 4500 | ||
|---|---|---|---|
| 003 | OSt | ||
| 005 | 20171025201959.0 | ||
| 008 | 840501s1984 nyua b 001 0 eng | ||
| 010 | _a 84042656 | ||
| 020 |
_a0394540743 : _c$17.95 |
||
| 020 |
_a0394339436 (pbk.) : _c$8.95 |
||
| 040 |
_aDDC _cDDC _dDDC |
||
| 082 | 0 | 0 |
_a342.029 _219 _bFRI |
| 100 | 1 |
_aFriendly, Fred W. _95657 |
|
| 245 | 1 | 4 |
_aThe Constitution : _cFred W. Friendly, Martha J. H. Elliott. _bthat delicate balance / |
| 260 |
_aNew York : _bRandom House, _cc1984. |
||
| 300 |
_axii, 339 p. : _bill. ; _c24 cm. |
||
| 500 | _aIncludes index. | ||
| 504 | _aBibliography: p. [317]-327. | ||
| 610 | 1 | 0 |
_aUnited States. _bSupreme Court. _95658 |
| 650 | 0 |
_aConstitutional law _zUnited States. _95659 |
|
| 700 | 1 |
_aElliott, Martha J. H. _95660 |
|
| 942 |
_2ddc _cBK |
||
| 999 |
_c4766 _d4766 |
||